书目信息 |
| 题名: |
Photoshop/Premiere家庭动感相册制作典型实例
|
|
| 作者: | 王波 , 刘晓宇 , 艾莉莉 编著 | |
| 分册: | ||
| 出版信息: | 北京 人民邮电出版社 2004.11 |
|
| 页数: | 228页 | |
| 开本: | 26cm | |
| 丛书名: | ||
| 单 册: | ||
| 中图分类: | TP391.41 | |
| 科图分类: | ||
| 主题词: | 图象处理--tu xiang chu li , 应用软件--ying yong ruan jian , 图象处理--tu xiang chu li--应用软件 | |
| 电子资源: | ||
| ISBN: | 7-115-12675-5 | |
| 000 | 01169nam0 2200301 450 | |
| 001 | CAL 012006038397 | |
| 005 | 20061030090718.35 | |
| 010 | @a7-115-12675-5@dCNY43.00(含光盘) | |
| 010 | @a7-89497-557-5@b光盘 | |
| 099 | @aCAL 012006038397 | |
| 100 | @a20060918d2004 em y0chiy0120 ea | |
| 101 | 0 | @achi |
| 102 | @aCN@b110000 | |
| 105 | @aa z 000yy | |
| 200 | 1 | @aPhotoshop/Premiere家庭动感相册制作典型实例@APhotoshop/Premiere jia ting dong gan xiang ce zhi zuo dian xing shi li@f王波, 刘晓宇, 艾莉莉编著 |
| 210 | @a北京@c人民邮电出版社@d2004.11 | |
| 215 | @a228页@c图@d26cm@e光盘2片 | |
| 330 | @a本书主要介绍如何使用Photoshop和Premiere 6.5制作家庭动感电子相册。书中主要介绍4种不同类型电子相册的制作全过程, 包含了几十个动感镜头的制作方法, 基本涵盖了Premiere动感相册制作的常用特效技法。 | |
| 606 | 0 | @a图象处理@Atu xiang chu li |
| 606 | 0 | @a应用软件@Aying yong ruan jian |
| 606 | 0 | @a图象处理@Atu xiang chu li@x应用软件 |
| 610 | 0 | @aPhotoshop@aPremiere |
| 690 | @aTP391.41@v4 | |
| 701 | 0 | @a王波@Awang bo@4编著 |
| 701 | 0 | @a刘晓宇@Aliu xiao yu@4编著 |
| 701 | 0 | @a艾莉莉@Aai li li@4编著 |
| 801 | 0 | @aCN@c20061030 |
| 905 | @a10447@dTP391.41@eW116 | |
| Photoshop/Premiere家庭动感相册制作典型实例/王波, 刘晓宇, 艾莉莉编著.-北京:人民邮电出版社,2004.11 |
| 228页:图;26cm+光盘2片 |
| ISBN 7-115-12675-5:CNY43.00(含光盘) |
| 本书主要介绍如何使用Photoshop和Premiere 6.5制作家庭动感电子相册。书中主要介绍4种不同类型电子相册的制作全过程, 包含了几十个动感镜头的制作方法, 基本涵盖了Premiere动感相册制作的常用特效技法。 |
| ● |
| 相关链接 |
|
|
|
正题名:Photoshop/Premiere家庭动感相册制作典型实
索取号:TP391.41/W116
 
预约/预借
| 序号 | 登录号 | 条形码 | 馆藏地/架位号 | 状态 | 备注 |
| 1 | 634294 | 206342947 | 自科库301/301自科库 67排7列5层/ [索取号:TP391.41/W116] | 在馆 | |
| 2 | 634295 | 206342956 | 自科库301/ [索取号:TP391.41/W116] | 在馆 | |
| 3 | 634296 | 206342965 | 期刊室512/301自科库 64排7列1层/ [索取号:TP391.41/W116] | 在馆 |